Talimat-E-Bahai (Record no. 796)
[ view plain ]
| 000 -LEADER | |
|---|---|
| fixed length control field | 00578nam a2200241 a 4500 |
| 020 ## - INTERNATIONAL STANDARD BOOK NUMBER | |
| ISBN | |
| 082 00 - DEWEY DECIMAL CLASSIFICATION NUMBER | |
| Classification number | 297.93 |
| Author Cutter | TAL |
| 100 ## - MAIN ENTRY--AUTHOR NAME | |
| Author name | Talimat-E-Bahai, |
| 245 ## - TITLE STATEMENT | |
| Title | Talimat-E-Bahai |
| Sub title | Bahaism in Persian. |
| 260 ## - PUBLICATION, DISTRIBUTION, ETC. (IMPRINT) | |
| Place of publication | Nagpur |
| Name of publisher | |
| Year of publication | 0000 |
| 300 ## - PHYSICAL DESCRIPTION | |
| Number of Pages | 14p |
| 500 ## - GENERAL NOTE | |
| General note | includes index and biblioraphy |
| 505 2# - FORMATTED CONTENTS NOTE | |
| Formatted contents note | Plus Some Other Tracts |
| 650 ## - SUBJECT ADDED ENTRY--TOPICAL TERM | |
| Topical Term | Bahai Faith |
| 942 ## - ADDED ENTRY ELEMENTS (KOHA) | |
| Koha item type | Books |
| 700 1# - | |
| -- | Talimat-E-Bahai, |
| Collection code | Home library | Current library | Date acquired | Cost, normal purchase price | Full call number | Accession Number | Koha item type |
|---|---|---|---|---|---|---|---|
| Henry Martyn Institute Library | Henry Martyn Institute Library | 07/27/2005 | 0.00 | 297.93 TAL | 04172 | Books |
